LEADER 01965nam a2200313 i 4500 001 000000247456 003 CaOOAMICUS 005 20251215144907.0 008 160114s1682 it u000 u ita u 026 $al.s. s.,& dila nugl (3) 1682 (A) 040 $aSeMil$bita 100 1 $aParpera, Giacinto,$d.$0(OLS)http://semarc/name/4755 245 10$aB. Caterina di Genoua Fiesca negl'Adorni illustrata del P. Giacinto Parpera della Congregatione dell'Oratorio distinta in tre parti. 1. Encomii della Santitą, e dottrina della Beata Caterina, .. 246 0 $iTit. in occhietto$aAlla sacra reale maestą di Cristina regina di Svetia. La B. Caterina di Genova illustrata .. 300 $a[12], 358, [2] p. 500 $aSegn.: ?² §? A-2Y? 500 $aBianche la carte pg1 e 2Y4 500 $aConsistenza: 3 copie 773 0 $aParpera, Giacinto $tAlla sacra reale maestą di Cristina regina di Svezia. 1. La vita della B. Caterina Fiesca Adorna dama genovese. 2. La Beata Caterina da Genova illustrata.$dIn Genova : Nella Stamparia di Giuseppe Bottari, 1681-1682.$g2$w()9651 850 $aSeMil 852 $aSeMil$W1$xVenegono$y1$m3J VI 34 FA$j196453$B196453$CSeMilBibl$Z2$F207241 $8I 852 $aSeMil$W1$xVenegono$y1$m3H III 19 FA$j197520$B197520$CSeMilBibl$Z2$F208634 $8I 852 $aSeMil$W1$xVenegono$y1$m3J III 41 FA$j197802$B197802$CSeMilBibl$Z2$F208815 $8I 941 1 $a10 961 $aOmaggio: Colombo Card. Giovanni 961 $aRecupero: Mantegazza 996 $6245$aB. Caterina di Genoua Fiesca negl'Adorni illustrata del P. Giacinto Parpera della Congregatione dell'Oratorio distinta in tre parti. 1. Encomii della Santitą, e dottrina della Beata Caterina, ..$9(OLS)http://semarc/title/349061 996 $6246$aAlla sacra reale maestą di Cristina regina di Svetia. La B. Caterina di Genova illustrata ..$9(OLS)http://semarc/title/347809 LEADER 00984nab a2200169 i 4500 001 000000278915 003 CaOOAMICUS 005 20130408000000.0 008 130408n xx uu u0 0und r 013 $a30221 020 $a978-1-4462-6698-4 040 $aSeMil$bita 245 10$aSpeaking of hope ; Hope in the promises of God :$bSome New Testament Reflections on Christian Ministry ; The Transformation of Existence : Christ's Encounter with the Samaritan Woman According to John 4:4-42. - Titoli dalla copertina. 500 $aAPRIL 2013. 773 0 $t[October 2012-September 2013].$dLondon : SAGE Publications, copyr. 2012-2013.$w()216451 996 $6020$a978-1-4462-6698-4$9(OLS)http://semarc/number/267808 996 $6245$aSpeaking of hope ; Hope in the promises of God :$bSome New Testament Reflections on Christian Ministry ; The Transformation of Existence : Christ's Encounter with the Samaritan Woman According to John 4:4-42. - Titoli dalla copertina.$9(OLS)http://semarc/title/362899